The management of time. / (Record no. 807)
[ view plain ]
| 000 -LEADER | |
|---|---|
| fixed length control field | 01088nam a22001697a 4500 |
| 008 - FIXED-LENGTH DATA ELEMENTS--GENERAL INFORMATION | |
| fixed length control field | 120502t xxu||||| |||| 00| 0 eng d |
| 020 ## - INTERNATIONAL STANDARD BOOK NUMBER | |
| International Standard Book Number | 0135489091 |
| 050 ## - LIBRARY OF CONGRESS CALL NUMBER | |
| Classification number | HF637.T5M3 |
| 100 ## - MAIN ENTRY--PERSONAL NAME | |
| Personal name | McCay, James T. |
| 245 ## - TITLE STATEMENT | |
| Title | The management of time. / |
| Statement of responsibility, etc. | James T. McCay |
| 260 ## - PUBLICATION, DISTRIBUTION, ETC. | |
| Place of publication, distribution, etc. | New York: |
| Name of publisher, distributor, etc. | Prentice Hall, |
| Date of publication, distribution, etc. | 1959. |
| 300 ## - PHYSICAL DESCRIPTION | |
| Extent | x, 176 p.: |
| Other physical details | ill.; |
| Dimensions | 20cm. |
| 500 ## - GENERAL NOTE | |
| General note | Includes index. |
| 505 ## - FORMATTED CONTENTS NOTE | |
| Formatted contents note | Contents: The Meaning of time pressures -- The Pressure of time -- The Challenge of change -- Breaking through the time barrier -- Overcoming time pressure -- How to increase your output -- Freedom to manage your time -- Increase your alertness -- Store your energy -- Locate energy losses -- Shield your energy -- The Birth of vision -- Invest in growth -- Skills for managing time -- Knowing when to stop -- Your principal tools are words -- Keep in contact -- Insure your investments of time -- Diagramming -- Compare and save time -- Read for growth -- Measuring up to the big problems -- Plan to manage your time -- Start now -- Appendix. |
| 650 ## - SUBJECT ADDED ENTRY--TOPICAL TERM | |
| Topical term following geographic name entry element | Time management. |
| 942 ## - ADDED ENTRY ELEMENTS (KOHA) | |
| Source of classification or shelving scheme | Library of Congress Classification |
| Koha item type | Books |
| Withdrawn status | Lost status | Source of classification or shelving scheme | Damaged status | Not for loan | Home library | Current library | Shelving location | Date acquired | Total Checkouts | Full call number | Barcode | Date last seen | Price effective from | Koha item type |
|---|---|---|---|---|---|---|---|---|---|---|---|---|---|---|
| Library of Congress Classification | WISCONSIN INTERNATIONAL UNIVERSITY COLLEGE, GHANA - MAIN LIBRARY | WISCONSIN INTERNATIONAL UNIVERSITY COLLEGE, GHANA - MAIN LIBRARY | General Stacks | 02/05/2012 | HF637.T5M3 | 2006/12 | 02/05/2012 | 02/05/2012 | Books |
